NBA Players with the Most All-Stars - Statistics

General Stats
  • This quiz has been taken 29 times
  • The average score is 29 of 43
Answer Stats
# Player % Correct
20 LeBron James
100%
19 Kareem Abdul-Jabbar
96%
18 Kobe Bryant
96%
14 Michael Jordan
96%
14 Kevin Durant
92%
10 James Harden
88%
12 Magic Johnson
88%
14 Jerry West
85%
12 Larry Bird
85%
15 Shaquille O'Neal
85%
10 Stephen Curry
85%
13 Dwyane Wade
81%
14 Karl Malone
81%
12 Moses Malone
81%
12 Hakeem Olajuwon
77%
13 Wilt Chamberlain
77%
12 Bill Russell
73%
13 Bob Cousy
73%
12 Chris Paul
73%
11 Julius Erving
73%
11 Allen Iverson
69%
11 Bob Pettit
69%
10 John Stockton
69%
15 Kevin Garnett
69%
15 Tim Duncan
69%
14 Dirk Nowitzki
65%
11 Chris Bosh
62%
13 John Havlicek
62%
10 Carmelo Anthony
58%
11 Charles Barkley
58%
10 David Robinson
58%
10 Paul Pierce
58%
11 Elgin Baylor
54%
12 Isiah Thomas
54%
10 Ray Allen
54%
10 Clyde Drexler
50%
10 Jason Kidd
50%
12 Oscar Robertson
50%
11 Patrick Ewing
50%
10 Hal Greer
38%
12 Dolph Schayes
31%
12 Elvin Hayes
31%
10 Paul Arizin
23%
No matching quizzes found
Score Distribution
Percent of People with Each Score
Percentile by Number Answered
Your Score History
You have not taken this quiz